00612nam a2200205Ia 450000500170000000800410001702000150005808200170007310000060009024500800009626000300017630000180020665000210022465000110024565000090025670000210026594200060028695200990029299900150039120240828070910.0240331s9999 xx 000 0 und d a0415106451 bASOa792.082 a  2aA sourcebook of feminist theatre and performance :bOn and beyond the stage aNew YorkbRoutledgec1996 axix, 311 p ., aFeminist Theatre aGender aArts aMartin, C. eedt cL 001040708LaWERCLbWERCLcSSCd2024-03-31l0o 792.082 ASOp2279r2024-03-31w2024-03-31yL c3074d3074